[Event "West Wales Open"]
[Site "?"]
[Date "2022.11.12"]
[Round "2.7"]
[White "Taylor, Robert G"]
[Black "Bennett, Tom"]
[Result "1/2-1/2"]
[WhiteElo "1802"]
[BlackElo "1616"]
[Annotator "kemen"]
[PlyCount "62"]
[EventDate "2022.11.12"]
[SourceVersionDate "2022.11.14"]

{[%evp 0,18,23,8,52,53,56,56,87,48,51,-18,61,55,43,61,64,35,39,30,30]} 1. e4 c5
2. Nf3 e6 3. Nc3 a6 4. a4 Nc6 5. g3 (5. Bc4) (5. d4 {more frequent}) 5... Qc7
6. Bg2 Nf6 7. O-O Be7 8. d3 (8. d4 {alternative}) 8... O-O 9. Re1 d6 10. Bf4
Nh5 (10... Ne5 {1-3-2}) (10... Nd7 {1-1-4}) 11. Be3 Nf6 12. h3 Bd7 {
KomodoDragon3} (12... Nd7 13. Ne2 Nde5 14. Nxe5 Nxe5 15. f4 Nc6 16. c3 d5 17.
e5 b6 18. d4 Bb7 19. Rf1 Na5 20. b3 Rad8 21. Rc1 $16 {Ferenczi-Kalanyos, HUN
ch tm 2009,0-1} (21. f5 $16)) 13. g4 Ne5 14. g5 Nxf3+ 15. Qxf3 Ne8 16. Qg3 Bc6
17. d4 (17. f4 $14 {KD3- looks more thematic following g5}) 17... cxd4 18. Bxd4
g6 19. a5 Ng7 20. Bb6 Qd7 21. Rad1 f5 (21... Nh5 22. Qe3 e5 $17 23. Qd2 Nf4 {
KD3}) 22. gxf6 Rxf6 23. e5 Rf5 24. Be3 (24. Bxc6 bxc6 25. exd6 Rg5 26. dxe7
Rxg3+ 27. fxg3 Qxe7 28. Ne4 $14 {KD3}) 24... Bxg2 25. exd6 (25. Qxg2 Rxe5 $19 {
KD3} (25... d5 26. Ne2 Rc8 27. c3 Rxe5 $19 {KD3})) 25... Bf3 26. dxe7 Bxd1 27.
Rxd1 Qxe7 $19 28. Ne4 Rc8 $2 (28... Rd5 29. Qg4 Rxd1+ 30. Qxd1 Qh4 $19 {KD3}) (
28... Rd8 29. Rxd8+ Qxd8 30. Bg5 Qd1+ 31. Kh2 Nh5 $19 {KD3}) 29. Bg5 $11 Qb4
30. Nd6 (30. Nf6+ Kh8 31. Rd7 Qf8 32. Ne4 $11 {KD3}) 30... Rcf8 (30... Qxa5 31.
Bd2 Qc7 32. Nxc8 Qxc8 $11 {KD3}) (30... Rxg5 31. Qxg5 Rf8 $11 {KD3}) 31. Nxf5
exf5 (31... exf5 32. Bh6 Qe7 33. Qd6 (33. Qb3+ Rf7 34. Rd4 Ne8 35. Kf1 $18 {
KD3 as the Bl K stays in trouble}) 33... Qxd6 34. Rxd6 Rc8 35. Rd7 Ne6 36. Rxb7
Rxc2 37. Re7 Rc6 38. h4 $18 {KD3- the Bl K is hemmed in & the R cooperates
with the B far better than R& N.Plus Wh has a Q side majority}) (31... exf5 32.
Rd7 f4 33. Qd3 Qe1+ 34. Qf1 Qe6 35. Qd1 Nf5 36. Bxf4 $18 {KD3}) (31... exf5 32.
Bd2 Qxb2 33. Bc3 f4 34. Qd3 Qa2 35. Qe4 Qf7 36. Rd6 Nf5 37. Rf6 Qd7 38. Qc4+
Rf7 39. Rxf7 Qxf7 40. Qc8+ Qf8 41. Qxb7 $18 {KD3}) 1/2-1/2

[Event "West Wales Open"]
[Site "?"]
[Date "2022.11.12"]
[Round "2.8"]
[White "Hare, Roy T"]
[Black "Pleasants, Allan J"]
[Result "0-1"]
[WhiteElo "1688"]
[BlackElo "1981"]
[Annotator "kemen"]
[PlyCount "66"]
[EventDate "2022.11.12"]
[SourceVersionDate "2022.11.14"]

{[%evp 120,120,-28075]} 1. e4 g6 2. Nf3 Bg7 3. c3 d6 4. d4 Nc6 5. Be2 (5. Bd3 {
main}) 5... e5 6. d5 Nce7 7. Nbd2 (7. O-O {1-0-4}) 7... Nf6 (7... h6 8. O-O f5
9. Nh4 Nf6 10. exf5 gxf5 11. Bh5+ Nxh5 12. Qxh5+ Kf8 13. f4 Qe8 14. Qxe8+ Kxe8
15. fxe5 dxe5 $15 {Giel-Winand, Bad Homburg, Rhein Main op 2008,0-1}) 8. Bb5+ (
8. O-O O-O $11 {transposes to 19 games}) 8... c6 9. Ba4 (9. dxc6 bxc6 10. Ba4
O-O 11. O-O Nh5 (11... Qc7 $17) 12. Bb3 d5 13. Re1 Qc7 $15 {
Stodolkowitz-Beisel, Baden ch, Ladenburg 1992 ,0-1}) 9... O-O (9... b5 10. Bb3
cxd5 11. exd5 O-O 12. O-O Bb7 $19 {KomodoDragon3}) 10. c4 b5 $1 $19 11. Bb3
bxc4 12. Bxc4 cxd5 13. Bd3 dxe4 14. Nxe4 Nxe4 15. Bxe4 d5 16. Bc2 Ba6 $19 17.
Ng1 d4 18. Bd3 Bb7 (18... e4 19. Bxa6 (19. Bxe4 Qa5+ 20. Bd2 Qe5 21. Qf3 f5 $19
) 19... Qa5+ 20. Bd2 Qxa6 21. Ne2 e3 $19 {KD3}) 19. f3 Nd5 (19... Nf5) 20. Ne2
Qb6 21. O-O Rfe8 (21... Nb4) 22. Kh1 Kh8 23. a3 f5 24. Ng3 Rac8 25. Re1 Nf6 26.
Re2 e4 27. fxe4 fxe4 28. Bb1 e3 (28... d3 29. Re1 Rxc1 30. Qxc1 Ng4 $19 {KD3})
29. h3 Qc7 30. Qe1 Qxc1 31. Bd3 Qc7 32. Rc2 Qd7 (32... Qxc2 33. Bxc2 Rxc2 {
is also winning}) 33. Rac1 Qxh3+ 0-1

[Event "West Wales Open"]
[Site "?"]
[Date "2022.11.12"]
[Round "2.9"]
[White "Fathallah, Joe"]
[Black "Swamy, Anshul"]
[Result "1-0"]
[WhiteElo "1979"]
[BlackElo "1486"]
[Annotator "kemen"]
[PlyCount "53"]
[EventDate "2022.11.12"]
[SourceVersionDate "2022.11.14"]

1. d4 d5 2. c4 e6 3. Nc3 Nf6 4. cxd5 exd5 5. Bg5 Be6 (5... Be7) (5... c6 {
main lines}) 6. e3 a6 7. Bd3 Be7 8. Qc2 h6 9. Bh4 b6 $146 (9... Nbd7 {3-3-2}) (
9... c5 {Cloud Engines; 1-0}) 10. Nge2 c5 11. Nf4 g5 $2 {weakens the K's
defences. However Bl is already in trouble- KomodoDragon3 has this move as its
second line!} (11... O-O 12. Bxf6 Bxf6 13. Ncxd5 Bxd5 14. Nxd5 cxd4 15. Be4 Ra7
16. exd4 Bxd4 17. Rd1 Be5 18. O-O Nd7 19. Rfe1 $16 {KD3- the Bl pieces are
uncomfortably placed , but Wh still has to prove the win}) 12. Nxe6 fxe6 13.
Bg6+ {which human can resist?} (13. Bg3 Nc6 14. dxc5 bxc5 15. Be2 Kf7 (15...
O-O $2 16. Qg6+) 16. Rd1 $18 {preferred by KD3}) 13... Kd7 (13... Kf8 14. Bg3
$16 {KD3}) 14. Bg3 $18 c4 15. Qe2 (15. e4) 15... Bd6 16. Bxd6 (16. e4) 16...
Kxd6 17. e4 Ke7 18. exd5 Nxd5 19. O-O (19. Nxd5+ Qxd5 20. Be4 Qa5+ 21. Kf1 Ra7
22. h4 $18 {KD3}) 19... Nf4 20. Qe4 Ra7 (20... Nd7 {is a little bit better})
21. Rfe1 {looks good, but there are often unexpected resources in defence} (21.
g3 $1 Nxg6 (21... Nd3 22. d5 $18) 22. Qxg6 Qg8 23. Qe4 Qh7 24. Qe2 $18 {KD3})
21... Kf6 22. Rad1 $2 {KD3 considers this a miscalculation} (22. Bh5) 22...
Nxg6 $19 23. Qxe6+ Kg7 24. Qxc4 Rd7 (24... Re8 $19) (24... b5 25. Qb4 Re8 $19)
(24... Re7 $19 {KD3 lines}) 25. d5 Nf8 {(draw?)} (25... Rf8 26. f3 b5 27. Qc5
Rc7 28. Qd4+ Qf6 29. Qf2 Nf4 $17 {KD3}) 26. Ne4 $14 b5 $2 (26... Kh7 27. Ng3
Rg8 28. h3 Ng6 29. Nh5 Rd6 30. Qc2 $16 {KD3}) (26... Rf7 27. d6 Rh7 28. d7 Rxd7
29. Rxd7+ Nbxd7 30. Nd6 Nf6 31. Qf7+ Kh8 32. Re8 Rxf7 33. Nxf7+ Kg7 34. Rxd8
Kxf7 35. b4 $14 {KD3}) 27. Qd4+ (27. Qc3+ {seems even stronger} Kg8 28. Nf6+
Kf7 29. Nxd7 Nfxd7 30. d6 Qf6 31. Re7+ Kg6 32. Qd3+ Qf5 33. Rg7+ {KD3}) (27.
Qd4+ Kg8 28. Nf6+ Kf7 29. Nxd7 Nfxd7 30. Re6 (30. d6 Re8 31. Qc3) 30... Rg8 31.
Rde1 Nf8 32. Re7+ Qxe7 33. Rxe7+ Kxe7 34. Qe5+ Kf7 35. Qxb8 $18 {KD3}) 1-0

[Event "West Wales Open"]
[Site "?"]
[Date "2022.11.12"]
[Round "2.10"]
[White "Guy, David"]
[Black "Golding, William"]
[Result "1/2-1/2"]
[WhiteElo "1846"]
[BlackElo "1721"]
[Annotator "kemen"]
[PlyCount "78"]
[EventDate "2022.11.12"]
[SourceVersionDate "2022.11.14"]

{[%evp 0,17,19,5,55,-28,-11,1,-5,-5,37,44,73,12,19,19,45,12,45,-39]} 1. d4 Nf6
2. c4 e6 3. Nf3 d5 4. Nc3 c5 5. cxd5 Nxd5 6. e3 (6. e4 Nxc3 7. bxc3 cxd4 8.
cxd4 Bb4+ {main}) 6... Nc6 7. Be2 (7. Bd3) 7... Be7 8. O-O O-O 9. Ne4 {44% for
Wh} (9. e4 Nxc3 10. bxc3 cxd4 11. cxd4 {63% for Wh}) 9... cxd4 10. Nxd4 Nxd4
11. exd4 $146 (11. Qxd4 $11 {1 draw, 2 Bl wins}) 11... Bd7 $17 12. Be3 Nxe3 13.
fxe3 Bc6 14. Nc3 Bb4 (14... Bg5) 15. Bf3 Rc8 (15... Qg5) 16. Ne4 Qh4 17. g3 Qh6
18. Qe2 a6 19. Rfc1 f5 20. Nc3 Bxf3 21. Qxf3 b5 22. a4 (22. a3 $11 {
KomodoDragon3}) 22... bxa4 23. Rxa4 a5 24. Raa1 Rc7 25. Qf4 Qxf4 26. gxf4 $11
Rfc8 27. Kf2 Bxc3 28. Rxc3 Rxc3 29. bxc3 Rxc3 30. Rxa5 $11 Rc2+ 31. Kg3 Re2 32.
Ra3 (32. Re5) 32... Kf7 33. h3 Kf6 34. Kf3 Re1 35. Kf2 Rd1 36. Ra6 h6 37. Kf3
g5 38. fxg5+ hxg5 39. Rb6 Rd2 1/2-1/2

[Event "West Wales Open"]
[Site "?"]
[Date "2022.11.12"]
[Round "2.11"]
[White "Williams, Duncan"]
[Black "Thomas, Mark"]
[Result "1-0"]
[WhiteElo "1896"]
[BlackElo "1816"]
[Annotator "kemen"]
[PlyCount "85"]
[EventDate "2022.11.12"]
[SourceVersionDate "2022.11.14"]

1. e4 g6 2. d4 Bg7 3. Nf3 d6 4. h3 Nf6 5. Bg5 $2 (5. Nc3) 5... h6 (5... Nxe4
$19 6. Be3 O-O (6... c5) 7. Bd3 Nf6 8. Nc3 Re8 9. Bc4 e5 $2 (9... d5) 10. Ng5
Rf8 11. dxe5 $18 {Szubert-Malry,Trophee Rosa Lallemand Online rapid 2020,0-1})
6. Be3 (6. Bxf6) 6... a6 (6... Nxe4 $17) 7. Bd3 Nc6 8. c3 (8. d5 Ne5 (8... Nb4
9. Be2 Nxe4 10. c3 $18) 9. Nxe5 dxe5 10. c4 $16 {KomodoDragon3}) 8... e5 (8...
O-O 9. O-O b5 10. Nh2 {Congiu-Brih, FRA ch U20, Aix le Bains 2009,1/2-1/2}) 9.
O-O O-O 10. Qd2 $146 (10. Nbd2 $16 Re8 {0.5-1.5} (10... Nh5 {0-1})) (10. a3 Kh7
$16 11. Qc2 g5 12. g4 Qd7 13. Nh2 Rg8 14. f3 Ne7 15. Rf2 $14 {Matrisch-Eckert,
Bahn ch, Bad Laasphe 1994,0-1}) 10... Kh7 11. Nh2 (11. Qe2 $16 {KD3}) 11...
exd4 (11... d5 $17 {KD3}) 12. cxd4 Re8 13. Nc3 b5 14. f3 $16 b4 15. Ne2 Bb7 16.
Rac1 $18 {KD3- Wh has extra space and can build up a K side attack} Qe7 17. Nf4
(17. Ng4) 17... Rab8 18. Qe2 (18. h4) 18... Nd7 19. Nd5 (19. Qf2 $18 {KD3})
19... Nxd4 20. Nxe7 Nxe2+ 21. Bxe2 Rxe7 (21... Nc5 22. Nxg6 Kxg6 23. b3 a5 $16
{KD3}) 22. Rxc7 $16 Bxb2 (22... Bd5 23. Bf4 Be6 24. Bxd6 Ree8 25. b3 $16 {KD3})
23. Ba7 $18 Ra8 24. Rxb7 (24. Bf2 $1 Rb8 25. Rd1 $18 {KD3}) 24... Rxa7 25. Rxb4
Ba3 26. Rb3 Bc5+ 27. Kh1 Nf6 $15 (27... h5 $17) 28. Ng4 Nh5 29. Kh2 Bd4 (29...
d5 30. Bd3 dxe4 31. fxe4 Kg7 $11 {KD3}) 30. Rd1 Bc5 31. Ne3 $11 Kg7 32. Nd5 Re8
33. Bc4 Bf2 34. g4 Nf6 35. Nxf6 Kxf6 36. Rxd6+ Ke5 37. Rbd3 Kf4 38. Kg2 $18 Be3
39. Rf6+ Kg5 40. Rxf7 Bb6 41. Rd5+ Kh4 42. Rf6 Be3 43. Rxg6 (43. Rxg6 Bg5 44.
Rxh6+ Bxh6 45. Rh5#) 1-0

[Event "West Wales Open"]
[Site "?"]
[Date "2022.11.12"]
[Round "2.12"]
[White "Turner, Joseph David"]
[Black "Buttell, David"]
[Result "1-0"]
[WhiteElo "1868"]
[BlackElo "1712"]
[Annotator "kemen"]
[PlyCount "41"]
[EventDate "2022.11.12"]
[SourceVersionDate "2022.11.14"]

{[%evp 0,16,18,14,67,48,91,115,128,128,98,65,123,61,45,49,49,36,47]} 1. e4 c5
2. Nf3 d6 3. d4 cxd4 4. Nxd4 Nf6 5. Nc3 g6 6. f4 {Levenfish} Nc6 (6... Bg7 7.
e5 dxe5 8. fxe5 Ng4 9. Bb5+ Kf8 10. Ne6+ {Turner-Ivekovic,S Wales Summer open,
2016,1-0}) 7. Nxc6 bxc6 8. e5 dxe5 (8... Nd7 {Main, is safer} 9. exd6 exd6 10.
Bc4 (10. Qf3 d5 11. Be3 Bg7 12. Rd1 Nf6 13. h3 O-O 14. g4 Re8 $19 {
KomodoDragon3 evaluation ; Turner-Hurn, S Wales Summer Op, 2016 draw agreed})
10... Nf6 11. Qf3 d5 12. Bd3 Bc5 13. f5 O-O 14. Bh6 Re8+ 15. Ne2 Ne4 16. fxg6
hxg6 17. Rf1 {Turner-T Brown, S Wales Summer op 2016,1-0}) 9. Qxd8+ Kxd8 10.
fxe5 Ng4 11. Bf4 Bg7 12. O-O-O+ Ke8 $2 (12... Bd7 13. Re1 $16 {3-2-1} (13. e6
$16 {3-1-1})) 13. Nb5 {23-0} cxb5 14. Bxb5+ Bd7 15. Bxd7+ {6-0} Kf8 16. Bxg4 f5
17. exf6 (17. Bf3) 17... Bxf6 18. Bh6+ Kf7 19. Rhf1 (19. Rhe1) 19... Rhb8 20.
Rxf6+ exf6 (20... Kxf6 21. Rf1+ Ke5 22. Bf4+) 21. Rd7+ (21. Rd7+ Ke8 (21... Kg8
22. Be6+ Kh8 23. Bg7#) 22. Rxh7 Rd8 23. Be6 Rd4 24. Bf7+ Kd8 (24... Kd7 25.
Bd5+) 25. Rh8+ {KD3}) 1-0

[Event "West Wales Open"]
[Site "?"]
[Date "2022.11.12"]
[Round "2.13"]
[White "Thomas, Roy"]
[Black "Gibbs, Dominic V"]
[Result "0-1"]
[WhiteElo "1659"]
[BlackElo "1860"]
[Annotator "kemen"]
[PlyCount "118"]
[EventDate "2022.11.12"]
[SourceVersionDate "2022.11.14"]

{[%evp 0,8,25,-14,-15,-10,5,-5,-5,2,1]} 1. f4 g6 2. Nf3 Bg7 3. e4 d5 (3... d6)
(3... c5) 4. exd5 {43 games, 41% for Wh} (4. e5) 4... Nf6 {1-3} (4... Qxd5) 5.
Bc4 $146 (5. Bb5+ {0-2}) (5. c4 {0-1}) (5. d4 Nxd5 {1-3}) 5... Nxd5 6. O-O (6.
d4 O-O 7. O-O {1 draw, 2 Bl wins}) 6... O-O (6... Nxf4 $17 {FatFritz2 &
KomodoDragon3} 7. Ng5 $2 Qd4+) 7. d3 Nc6 8. Qe1 Nb6 (8... Nd4 {Fritz13 & KD3})
9. Bb3 Bg4 $11 {Fritz13} (9... Nd4 $15 {KD3}) (9... Nd7 $11 {Fat Fritz2}) 10.
Nc3 (10. Nbd2 {Cloud Engines}) 10... Bxf3 11. Rxf3 Nd4 $19 12. Rh3 Nxb3 (12...
a5 13. a4 Nxb3 14. cxb3 {Cloud Engines}) 13. axb3 e6 14. Ne4 h6 (14... Nd5 {
Cloud Engines}) 15. c3 Nd5 16. Bd2 Nf6 (16... a5 {Cloud Engines}) 17. Nxf6+
Qxf6 18. Qg3 (18. Qe4 {Cloud Engines}) 18... Qf5 $17 19. Rf1 a5 20. Qh4 h5 21.
Qe7 Rfc8 (21... Qd5 $19 {Cloud Engines}) 22. Qd7 Qc5+ 23. d4 Qb6 $19 {Wh's K
side attack has stalled- meanwhile Bl has targets on the Q side} 24. Qa4 c5 25.
dxc5 Qxc5+ 26. Be3 Qc6 (26... Qd5 {Bl controls the centre, all 3 Engines}) 27.
Rd1 (27. Qxc6 bxc6 28. Bc1 Rcb8 $17 {KD3}) 27... b5 28. Qa2 b4 29. Bd4 Bxd4+
30. Rxd4 Rd8 $19 (30... Qb6 $19) 31. Qb1 (31. Rdd3 Qc5+ 32. Kh1 Qf5 33. Qb1 Rd5
34. Qd1 Rad8 $19 {KD3}) 31... Rxd4 32. cxd4 Rc8 (32... Rd8 {3 Engines}) 33. Rd3
Qc2 (33... Qe4 $1 $19 {united Engines}) 34. Qxc2 Rxc2 35. d5 exd5 (35... Kf8)
36. Rxd5 Rxb2 37. Rxa5 Rxb3 38. Kf2 (38. Rb5 {must surely give better holding
chances}) 38... Rc3 39. g3 Rc2+ 40. Ke3 (40. Kg1 b3 {loses quickly}) 40... Rxh2
41. f5 Kg7 42. fxg6 Kxg6 {KD3} (42... fxg6 {FatFritz2}) 43. Rb5 Rb2 44. Kf4 f6
45. Kf3 b3 46. Ke3 Rb1 47. Kf3 b2 48. Kg2 Kf7 (48... f5) (48... h4) 49. Kh2 Kg6
50. Kg2 f5 51. Rb6+ Kg5 52. Rb5 h4 53. gxh4+ Kxh4 54. Rb4+ Kg5 55. Rb5 Kg4 56.
Rb4+ f4 57. Rb3 f3+ 58. Rxf3 Rc1 (58... Rg1+) 59. Rg3+ Kf4 0-1

[Event "West Wales Open"]
[Site "?"]
[Date "2022.11.12"]
[Round "3.1"]
[White "Shelgaonkar, Yogesh Vivek"]
[Black "Morris, Charles F"]
[Result "1/2-1/2"]
[WhiteElo "1375"]
[BlackElo "2093"]
[Annotator "kemen"]
[PlyCount "72"]
[EventDate "2022.11.12"]
[SourceVersionDate "2022.11.14"]

{[%evp 0,38,16,38,42,42,45,42,42,19,5,23,15,-16,18,-12,-12,-12,-8,9,24,27,27,
30,56,31,21,-26,43,46,41,45,45,23,72,44,45,45,35,2,50]} 1. e4 e6 2. d4 d5 3.
Nd2 Nf6 4. e5 Nfd7 5. Bd3 (5. Ngf3 {Gibbs-Morris, Rd1 WW Open, 0-1}) 5... c5 6.
c3 Nc6 7. Ne2 cxd4 8. cxd4 f6 9. exf6 Nxf6 10. O-O Bd6 11. Nf3 Qc7 12. Bg5 O-O
13. Bh4 Nh5 14. Qc2 h6 15. Bh7+ Kh8 16. Bg6 Rxf3 17. gxf3 {42% for Wh} (17.
Bxh5 {main, 65% for Wh}) 17... Bxh2+ 18. Kg2 {46% for Wh} (18. Kh1 Nf4 {
37% for Wh}) 18... Nf4+ 19. Nxf4 Bxf4 (19... Qxf4 20. Bg3 Bxg3 21. fxg3 Qxd4
$14 {18 games; 42 % for Wh}) 20. Bg3 $16 {58% for Wh, 3-1-2} Bd7 21. Rad1 {
KomodoDragon3} (21. Rh1 $16 {2-0-2}) 21... Rf8 22. Qc5 $146 {but Engines have
analysed this and subsequent moves before} (22. Rh1 Qd6 23. Rh4 Bxg3 24. fxg3
e5 25. dxe5 Nxe5 26. Be4 $11 {Straka-Tan, Arctic cup 2007,1/2-1/2} (26. Bh5 g5
27. Rhd4 Qe6 {Cloud Engines} 28. Bg4 Nxg4 29. fxg4 $16 {KD3})) 22... Rf6 23.
Bb1 Be8 24. Rfe1 (24. Rh1 $16 {Cloud Engines}) 24... Kg8 25. b4 (25. Rh1 $14 {
KD3}) 25... Bh5 $17 26. Rd3 Qf7 27. Bxf4 (27. Rf1 Bg6 28. b5 (28. Rdd1 Bxb1 29.
Rxb1 Rg6 $19) 28... Na5 29. Rh1 Nc4 30. Bxf4 Rxf4 31. Rh3 b6 32. Qc8+ Kh7 33.
Rg3 Nd6 $17 {KD3}) 27... Rxf4 $19 28. Ree3 Bg6 29. b5 Bxd3 30. Bxd3 (30. Rxd3
Qg6+ 31. Kf1 Nxd4 $19 {KD3}) 30... Nxd4 31. Qxa7 g5 (31... Qf8 32. Be2 (32.
Qxb7 Rxf3 $19) 32... Nxe2 33. Rxe2 Qf7 34. Qe3 Qg6+ 35. Kh3 Rf6 $19 {KD3}) (
31... Qe7 32. Qb8+ Rf8 33. Qe5 Qg5+ 34. Qxg5 hxg5 35. Re1 Kf7 36. Rc1 Ra8 37.
Rc7+ Kf6 38. Rxb7 Rxa2 39. b6 Rb2 $19 {KD3}) 32. Qb8+ $11 Kg7 33. Qe5+ Qf6 34.
Qc7+ Qf7 35. Qe5+ Qf6 36. Qc7+ Qf7 1/2-1/2

[Event "West Wales Open"]
[Site "?"]
[Date "2022.11.12"]
[Round "3.2"]
[White "Golding, Alex"]
[Black "Zeidler, Sven P"]
[Result "1/2-1/2"]
[WhiteElo "2312"]
[BlackElo "2148"]
[Annotator "kemen"]
[PlyCount "105"]
[EventDate "2022.11.12"]
[SourceVersionDate "2022.11.14"]

1. e4 Nc6 2. d4 d5 3. e5 f6 (3... Bf5 {main}) 4. f4 Nh6 (4... Bf5 {main}) 5. c3
(5. Nf3 Bg4 6. Be2 e6 7. O-O Be7 {Dijksrehuis-Zeidler, Guensey op oct 2022,
draw agreed}) 5... Bg4 6. Nf3 e6 7. Be2 Be7 8. O-O $14 {2 draws, 2 Bl wins} O-O
$146 9. b4 Nf5 10. h3 Bxf3 11. Rxf3 fxe5 12. fxe5 Bg5 13. b5 Bxc1 14. Qxc1 Na5
15. Nd2 $14 c5 16. bxc6 bxc6 17. Bd3 c5 18. Bxf5 Rxf5 19. Rxf5 exf5 20. Qa3 $16
(20. Qc2 $16) 20... cxd4 21. cxd4 Qb6 22. Nf3 (22. Qd3 Nc6 23. Nf3 {
KomodoDragon3}) 22... Nc6 (22... Nc4 {KD3}) 23. Qd3 Rb8 24. Rc1 g6 25. Kh2 $18
Nd8 26. Qa3 Rb7 27. Rc8 Kg7 28. Qa4 (28. h4 $1 h6 29. h5 g5 30. Qc1 f4 31. Qc2
a6 32. Qd3 Ra7 33. e6 $18 {KD3}) 28... Re7 29. Rc5 (29. Qa3 Rd7 30. Ng5 Qxd4
31. Rxd8 Qxe5+ 32. Qg3 Qxg3+ 33. Kxg3 $18 {KD3}) 29... Qb7 30. Rb5 Qc6 31. Qb4
(31. Qa3 Rd7 32. Ra5 Qb7 33. h4 $18 {KD3}) 31... Rd7 32. Rc5 Qb7 33. Qxb7 Nxb7
34. Rc6 (34. Rc8 $1 {KD3}) 34... Nd8 35. Rf6 Nf7 36. Ra6 (36. Kg3 Rb7 37. Ra6 (
37. Kf4) 37... g5 38. h4 g4 39. Ne1 Rc7 40. Kf4 Rc4 41. Rxa7 Kf8 42. Kxf5 Rxd4
43. a4 $18 (43. e6 $18 {KD3})) 36... Kf8 37. e6 {too hasty} (37. h4 Rb7 38. Kg3
Ke7 39. h5 g5 40. e6 Nd6 41. Nxg5 Nb5 42. Nxh7 Nxd4 43. Ng5 $18 {KD3}) 37...
Rd6 38. Rxa7 Rxe6 39. Rxf7+ (39. a4 $14) 39... Kxf7 40. Ng5+ Ke7 41. Nxe6 Kxe6
$19 42. g4 fxg4 43. hxg4 g5 44. Kg3 Kd6 45. Kf3 Kc6 46. Ke3 Kb5 47. Kd3 Kb4 48.
Kc2 Kc4 $2 $11 {'simple' K & P endings are actually where it is very easy to
go wrong} (48... Ka3 49. Kc3 (49. Kb1 h6 50. Ka1 h5 $1 51. gxh5 g4 52. h6 g3
53. h7 g2 54. h8=Q g1=Q# {the move one has to see in advance}) 49... h6 {
not letting the Wh K get to attack d5} 50. Kd3 Kxa2 $19 {KD3}) 49. a3 Kxd4 50.
a4 Ke3 (50... Kc5 51. a5 Kb5 52. Kc3 Kxa5 53. Kd4 Kb4 54. Kxd5 Kc3 55. Ke6 Kd4
56. Kf6 Ke4 57. Kxg5 Kf3 $11 {KD3- thevreason not to spend most of one's time
in the opening, is that it may well be needed to work things out in the ending}
) 51. a5 (51. Kd1 h5 52. gxh5 g4 53. h6 g3 54. h7 g2 55. h8=Q g1=Q+ 56. Kc2 $11
{KD3}) 51... Ke2 52. Kc3 (52. a6 d4 53. a7 d3+ 54. Kc3 d2 55. a8=Q d1=Q 56.
Qe4+ {also draws- KD3}) 52... Ke3 53. Kc2 1/2-1/2

[Event "West Wales Open"]
[Site "?"]
[Date "2022.11.12"]
[Round "3.3"]
[White "Golding, James"]
[Black "Fathallah, Joe"]
[Result "0-1"]
[WhiteElo "2096"]
[BlackElo "1979"]
[Annotator "kemen"]
[PlyCount "82"]
[EventDate "2022.11.12"]
[SourceVersionDate "2022.11.14"]

{[%evp 0,10,18,18,55,55,52,2,27,-63,14,-78,-49]} 1. Nc3 e6 2. e4 d5 3. d3 (3.
d4) (3. Nf3) 3... Nf6 4. Qe2 Be7 {6-5-7} (4... d4 {5-0-5}) 5. Bd2 (5. g3 {5-4-4
}) 5... c5 (5... O-O 6. e5 Nfd7 7. O-O-O d4 8. Nb5 c5 9. h4 Nc6 10. f4 a6 11.
Na3 b5 $19 {Voet-Vives Font,Barcelona Sants 2001,0-1}) 6. Nf3 Nc6 7. h3 Nd4 8.
Nxd4 cxd4 9. Nd1 dxe4 10. dxe4 O-O $17 11. f4 Qc7 (11... e5 {KomodoDragon3})
12. Qf3 e5 13. f5 Qxc2 14. Bd3 Qa4 15. O-O Nd7 $15 16. Qg3 Kh8 17. Nf2 f6 18.
Qh4 (18. Rfc1 Nb6 19. Bc2 Qb5 20. a4 Qe2 21. Be1 Bd7 22. a5 Nc8 23. Bd3 Qh5 24.
Rc7 Rd8 25. Bc4 Nd6 26. Be6 Qe8 27. Qb3 Rac8 28. Rac1 $15 {KD3}) 18... Nc5 (
18... Bb4) (18... b6) 19. Be2 (19. b3 Qe8 20. Be2 $11 {KD3}) 19... Qc2 20. Rad1
(20. Rfd1 Bd7 (20... Qxb2 $2 21. Bh5 $18) 21. b4 Na6 22. Nd3 Bd6 $15 {KD3} (
22... Bxb4 23. Nxb4 Nxb4 24. Rac1 Qxa2 25. Ra1 Qc2 26. Rac1 $11)) 20... Qxb2
$19 21. Bh5 Qxa2 22. Bg6 Qg8 23. Ng4 Nxe4 (23... Bd6) 24. Nxe5 fxe5 25. Qxe7 (
25. Qxe4 $5) 25... Nf6 (25... Nxd2 26. Rxd2 hxg6 27. fxg6 Rxf1+ 28. Kxf1 Qc4+
29. Kg1 Be6 30. Qh4+ Kg8 31. Qh7+ Kf8 32. Rf2+ Ke7 33. Qxg7+ Kd6 $19 {KD3-
Engines have no nerves}) 26. Qxe5 Qd5 27. Qe7 Bd7 $19 28. Rf4 Bc6 29. Rf2 hxg6
30. fxg6 Qh5 31. Rdf1 Qxg6 32. Qb4 Rad8 33. Qa3 Rfe8 34. Qa2 Bd5 (34... Rd5)
35. Qb2 Ne4 36. Qc2 Rd6 37. Rf8+ Rxf8 38. Rxf8+ Bg8 (38... Kh7) 39. Rf4 Nc3 40.
Rh4+ Bh7 41. Qb3 Qb1+ 0-1